10 landen waar de meeste mensen op vakantie gaan - Statistieken

Algemene statistieken
  • Deze quiz is 149 keer genomen
  • De gemiddelde score is 8 van 10
Antwoordstatistieken
Hint Antwoord % Correct
europees land spanje
99%
europees land Frankrijk
98%
europees land italië
96%
europees land Duitsland
94%
gedeelte europees turkije
93%
europees land griekenland
89%
europees land oostenrijk
89%
europees land belgië
87%
geen europees land Verenigde Staten
85%
europees land Groot-brittannië
15%
Geen overeenkomende quizzen gevonden
Scoreverdeling
Procent van Mensen met Elke Score
Percentiel versus Aantal Correcte Antwoorden
Uw Scoregeschiedenis
U heeft deze quiz nog niet genomen